WHAT DO YOU STAND FOR? A KID'S GUIDE TO BUILDING CHARACTER / (Record no. 615435)

000 -LEADER
fixed length control field 00388nam a22001337a 4500
020 ## - INTERNATIONAL STANDARD BOOK NUMBER
Qualifying information PB.
040 ## - CATALOGING SOURCE
Transcribing agency FIZZA ISHAQ
082 ## - DEWEY DECIMAL CLASSIFICATION NUMBER
Classification number 170.83
Author Mark BAR
100 ## - MAIN ENTRY--PERSONAL NAME
Personal name LEWIS,A.BARBARA.
9 (RLIN) 132165
245 ## - TITLE STATEMENT
Title WHAT DO YOU STAND FOR? A KID'S GUIDE TO BUILDING CHARACTER /
Statement of responsibility, etc. BARBARA A.LEWIS.
260 ## - PUBLICATION, DISTRIBUTION, ETC.
Place of publication, distribution, etc. NEW YORK;
Name of publisher, distributor, etc. FREE SPIRIT PUBLISHING,
Date of publication, distribution, etc. 1998.
300 ## - PHYSICAL DESCRIPTION
Extent 276 P. ;
Dimensions 11.2X8.4IN
942 ## - ADDED ENTRY ELEMENTS (KOHA)
Source of classification or shelving scheme
Koha item type Book
Holdings
Withdrawn status Lost status Source of classification or shelving scheme Damaged status Not for loan Permanent Location Current Location Shelving location Date acquired Total Checkouts Full call number Barcode Date last seen Price effective from Koha item type
          NUST Baluchistan Campus (NBC) NUST Baluchistan Campus (NBC) General Stacks 12/01/2025   170.83 BAR QD-833 12/01/2025 12/01/2025 Book
© 2023 Central Library, National University of Sciences and Technology. All Rights Reserved.